00436nam a2200181Ia 4500008004100000020001800041050001600059100002200075245001500097245002700112245002500139260001500164260002000179260000900199300001600208300002000224300001000244170918s9999 xx 000 0 und d a9780316056281 bG543ou 2008 aGladwell, Malcolm aOutliers : bthe story of success / cby Malcolm Gladwell. aNew York : bBack bay books, c2008 a365 pages : billustrations ; c17cm.